000 01337nam a22002897a 4500
005 20240530110350.0
008 141217s2006 ua b g b 000 0 ara d
017 _a10469/2006
_bمصر . دار الكتب المصرية
020 _a9771021680
040 _aEG-CaGPL
041 1 _aara
_heng
082 0 4 _221
_a953.07\
_bم أ
100 1 _aمزاورى ، ميشيل م
245 1 0 _aاضواء على العلاقات الفكرية فى العالم الاسلامى :
_bما بين سقوط الخلافة العباسية و قيام الدولة الصفوية ( 656 - 906 هـ / 1250 - 1500 م )
_cالفه بالانجليزية ميشيل م . مزاورى ؛ ترجمه يعقوب ارند ؛ نقله وقدمه احمد الخولى
250 _aط1
260 _aالقاهرة :
_bدار الفكر العربى ،
_c2006
300 _a203 ص :
_bخرائط ؛
_c24 سم
504 _aيشتمل على ارجاعات ببليوجرافية
650 0 4 _aالحضارة الاسلامية
_xتاريخ
650 0 4 _aالتاريخ الاسلامى
650 0 4 _aالتصوف الاسلامى
650 0 4 _aالطرق الصوفية
700 0 _aيعقوب ارند
_eمترجم
700 0 _aاحمد الخولى
_eناقل ومعلق
942 _2ddc
_cBK
999 _c60047
_d60047